Out of Time Album Tracklist - Statistics

General Stats
  • This quiz has been taken 4 times
  • The average score is 8 of 11
Answer Stats
Hint Answer % Correct
2 Losing My Religion
100%
10 Country Feedback
75%
8 Half a World Away
75%
3 Low
75%
11 Me in Honey
75%
4 Near Wild Heaven
75%
1 Radio Song
75%
6 Shiny Happy People
75%
9 Texarkana
75%
7 Belong
50%
5 Endgame
50%
No matching quizzes found
Score Distribution
Percent of People with Each Score
Percentile by Number Answered
Your Score History
You have not taken this quiz